| 000 | 00940nam a2200241 cc4500 | ||
|---|---|---|---|
| 001 | 000030480 | ||
| 003 | RuMoIPM | ||
| 005 | 20260505123910.0 | ||
| 008 | 230210s1979 ru ||||||| |||| ||rus d | ||
| 035 | _a(RuMoBEN) 002083516 | ||
| 035 | _a(ELAR retro) [2022] 000034520 | ||
| 040 |
_aRuMoBEN _brus _ercr |
||
| 041 | 0 | _arus | |
| 044 | _aru | ||
| 080 | _a51(023) | ||
| 245 | 1 | 0 |
_aВып. 3 _cЮ. В. Пухначев, Ю. П. Попов |
| 260 | _c1979 | ||
| 300 |
_a160 с. _bил. |
||
| 500 | _aЗагл. вып. 3: Математика без формул | ||
| 504 | _aБиблиогр.: с. 159 | ||
| 773 |
_aПухначев, Юрий Васильевич _t[Учись применять математику] : (Математика без формул) _dМосква: Знание, 1977- _w000030479 _gВып. 3 _kНародный университет. Естественнонаучный факультет |
||
| 942 | _cBK | ||
| 999 |
_c30480 _d30480 |
||